Statistics for Fastest Shrinking U.S. Cities

Click here to take the quiz!

General Stats

  • This quiz has been taken 26,357 times
    (8,846 since last reset)
  • The average score is 10 of 22

Answer Stats

LossStateCity% Correct
330,894MichiganDetroit
94%
230,977IllinoisChicago
84%
116,796OhioCleveland
75%
21,772OhioCincinnati
68%
61,611MissouriSt. Louis
67%
31,665PennsylvaniaPittsburgh
66%
33,669WisconsinMilwaukee
61%
114,925LouisianaNew Orleans
59%
81,223MarylandBaltimore
58%
16,162New YorkBuffalo
57%
29,044TennesseeMemphis
51%
38,261MississippiJackson
45%
47,318OhioToledo
39%
28,565OhioAkron
37%
45,910AlabamaBirmingham
35%
34,774IndianaGary
33%
30,235OhioDayton
30%
45,089MichiganFlint
30%
22,882OhioYoungstown
18%
19,992LouisianaShreveport
10%
18,322MichiganSaginaw
8%
29,788CaliforniaSanta Ana
5%

Score Distribution

Percentile by Number Answered

Percent of People with Each Score

Your Score History

You have not taken this quiz since the last reset